Regulating the health professions (Record no. 53495)
[ view plain ]
| 000 -LEADER | |
|---|---|
| fixed length control field | 01307nam a22003374a 4500 |
| 082 04 - DEWEY DECIMAL CLASSIFICATION NUMBER | |
| Classification number | 362.1/0941 |
| 245 00 - TITLE STATEMENT | |
| Title | Regulating the health professions |
| 260 ## - PUBLICATION, DISTRIBUTION, ETC. (IMPRINT) | |
| Place of publication | London ; |
| -- | Thousand Oaks, Calif. : |
| Name of publisher | Sage Publications, |
| Year of publication | 2002. |
| 300 ## - PHYSICAL DESCRIPTION | |
| Number of Pages | x, 166 p. |
| 650 #0 - SUBJECT ADDED ENTRY--TOPICAL TERM | |
| Topical Term | Medical care |
| Topical Term | Medical ethics |
| Topical Term | Medical policy |
| 700 1# - ADDED ENTRY--PERSONAL NAME | |
| Personal name | Allsop, Judy, |
| Personal name | Saks, Mike. |
| 856 40 - ELECTRONIC LOCATION AND ACCESS | |
| Uniform Resource Identifier | http://site.ebrary.com/lib/rucke/Doc?id=10076709 |
No items available.
